000 00897nam a2200217Ia 4500
020 _a9251054827
040 _cFUG
082 _a630 FOO 2006 A041 Or.
245 0 0 _aInformation and communication for natural resource management in agriculture :
_ba training sourcebook /
260 _aRome :
_bFood and Agriculture Organization of the United Nations,
_c2006
300 _avii, 131 p. :
_bill. ;
_c26 cm
500 _a"Printed with the support of the Livelihood Support Programme."
650 0 _aCommunication in agriculture
650 0 _aCommunication in agriculture
650 0 _aCommunication in conservation of natural resources
650 0 _aSustainable agriculture
710 2 _aUniversity of the Philippines at Los Ba©łos.
710 2 _aFood and Agriculture Organization of the United Nations.
710 2 _aFood and Agriculture Organization of the United Nations.
942 _cEK
999 _c12210
_d12210